| 000 | 01739nam0a2200373 4500 | ||
|---|---|---|---|
| 001 | RU\NLR\bibl\299630 | ||
| 005 | 20250620144948.0 | ||
| 021 |
_aRU _b2002-19160 _9961 |
||
| 035 | _a(NLR Aleph) 000294902 | ||
| 090 |
_a1727165 _c1727165 |
||
| 100 | _a20020806d2001 |||y0rusy50 ca | ||
| 101 | 0 | _arus | |
| 102 | _aRU | ||
| 105 | _ay ||||||||| | ||
| 200 | 1 |
_aГеморрагические диатезы у детей. Современные аспекты диагностики и лечения _eУчеб.-метод. пособие _fА. Р. Колоколов, А. Ю. Подулясская, А. Е. Верещагина _gАстрах. гос. мед. акад. |
|
| 210 |
_aАстрахань _cИзд-во Астрах. гос. мед. акад. _d2001 |
||
| 215 |
_a43 с. _d20 |
||
| 320 | _aБиблиогр.: с. 42 | ||
| 606 | 0 |
_aГеморрагический диатез у детей _jРуководства, пособия и т.п. _91359510 _3RU\NLR\auth\66254186 |
|
| 606 | 0 |
_aГеморрагический диатез детей _jУчебные издания _92260169 _3RU\NLR\auth\661355226 |
|
| 610 | 0 | _aДиатез геморрагический у детей | |
| 675 |
_a616.151.514-053.2-056.43 _v3 _zrus |
||
| 686 |
_a76.29 _2rugasnti |
||
| 686 |
_a54.11 _2rubbk |
||
| 686 | _aР733.411.023я7 | ||
| 700 | 1 |
_aКолоколов _bА. Р. _gАрнольд Рудольфович _4070 |
|
| 701 | 1 |
_aПодулясская _bА. Ю. _gАлла Юрьевна _4070 |
|
| 701 | 1 |
_aВерещагина _bА. Е. _gАлла Евгеньевна _4070 |
|
| 801 | 0 |
_aRU _bRKP _c20020806 _gPSBO |
|
| 801 | 1 |
_aRU _bRKP _c20020806 |
|
| 801 | 2 |
_aRU _bNLR _c20021015 _grcr |
|
| 942 | _cBOOK | ||
| 980 | _aNB | ||